Mining the sky (Record no. 14330)
[ view plain ]
| 000 -LEADER | |
|---|---|
| fixed length control field | 00642nam a2200217Ia 4500 |
| 003 - CONTROL NUMBER IDENTIFIER | |
| control field | IN-BaIIA |
| 008 - FIXED-LENGTH DATA ELEMENTS--GENERAL INFORMATION | |
| fixed length control field | 211028s9999 xx 000 0 eng d |
| 020 ## - INTERNATIONAL STANDARD BOOK NUMBER | |
| International Standard Book Number | 3-540-42468-7 |
| 040 ## - CATALOGING SOURCE | |
| Transcribing agency | IIA Library |
| 080 ## - UNIVERSAL DECIMAL CLASSIFICATION NUMBER | |
| Universal Decimal Classification number | 52-17(082.2) |
| Item number | MIN |
| 245 #0 - TITLE STATEMENT | |
| Title | Mining the sky |
| Statement of responsibility, etc. | edited by A. J. Banday, S. Zaroubi and M. Bartelmann |
| 260 ## - PUBLICATION, DISTRIBUTION, ETC. | |
| Place of publication, distribution, etc. | Berlin |
| Name of publisher, distributor, etc. | Springer-Verlag |
| Date of publication, distribution, etc. | 2001 |
| 300 ## - PHYSICAL DESCRIPTION | |
| Extent | xv, 705p. |
| 490 ## - SERIES STATEMENT | |
| Series statement | ESO astrophysics symposia |
| 650 ## - SUBJECT ADDED ENTRY--TOPICAL TERM | |
| Topical term or geographic name entry element | Astronomical data analysis |
| 9 (RLIN) | 18704 |
| 650 ## - SUBJECT ADDED ENTRY--TOPICAL TERM | |
| Topical term or geographic name entry element | Survey |
| 9 (RLIN) | 161 |
| 700 ## - ADDED ENTRY--PERSONAL NAME | |
| Personal name | Banday, A. J., ed. |
| 9 (RLIN) | 17796 |
| 700 ## - ADDED ENTRY--PERSONAL NAME | |
| Personal name | Bartelmann, M., ed. |
| 9 (RLIN) | 25370 |
| 700 ## - ADDED ENTRY--PERSONAL NAME | |
| Personal name | Zaroubi, S., ed. |
| 9 (RLIN) | 25371 |
| 942 ## - ADDED ENTRY ELEMENTS (KOHA) | |
| Koha item type | Books |
| Withdrawn status | Lost status | Damaged status | Not for loan | Home library | Current library | Shelving location | Date acquired | Source of acquisition | Cost, normal purchase price | Total Checkouts | Full call number | Barcode | Date last seen | Cost, replacement price | Price effective from | Koha item type | Purchase Price |
|---|---|---|---|---|---|---|---|---|---|---|---|---|---|---|---|---|---|
| IIA Library-Bangalore | IIA Library-Bangalore | General Stacks | 06/11/2001 | EDS | 2146.20 | 52-17(082.2)/ MIN | 15250 | 05/11/2021 | 2146.20 | 06/11/2001 | Books | Rs. 2146.20 |